000 00327nam a2200133Ia 4500
008 240624s9999 xx 000 0 und d
041 _aeng
082 _a332.60973 JON
100 _aJONES
245 _aINVESTMENTS ANALYSIS AND MANAGEMENT
250 _a(9th ed.)
260 _c2008
_aNew Delhi
_bWiley India
365 _cRS
_b33.33
999 _c9197
_d9197